Towers by picture - Statistics

General Stats
  • This quiz has been taken 756 times
  • The average score is 9 of 15
Answer Stats
Picture Answer % Correct
Pisa
99%
London
90%
Paris
89%
Washington DC
83%
Toronto
77%
Las Vegas
75%
Seattle
75%
Tokyo
65%
Shanghai
56%
Alexandria
49%
Berlin
41%
Lisbon
24%
Moscow
19%
San Gimignano
8%
Macau
4%
No matching quizzes found
Score Distribution
Percent of People with Each Score
Percentile by Number Answered
Your Score History
You have not taken this quiz